| 000 | 01864nam0a2200397 4500 | ||
|---|---|---|---|
| 001 | RU\NLR\BIBL_A\012763413 | ||
| 005 | 20220627191929.0 | ||
| 010 |
_a978-5-17-138461-6 _92000 |
||
| 021 |
_aRU _bКН-П-21-096097 _9КН-П-21-7686 |
||
| 035 | _a(NLR Aleph) 012763413 | ||
| 035 | _a(RuMoRGB)010946890 | ||
| 090 |
_a13069666 _c13069666 |
||
| 100 | _a20220415d2022 u y0rusy50 ca | ||
| 101 | 0 | _arus | |
| 102 | _aRU | ||
| 105 | _aac||z|||000zy | ||
| 181 | 0 |
_ai _baxxe |
|
| 182 | 0 | _an | |
| 200 | 1 |
_aЛюблю удивляться _eдневники и письма, 1938-1957 _fЕвгений Шварц _gсоставление, предисловие Е. И. Исаевой |
|
| 203 |
_aТекст _bвизуальный _cнепосредственный |
||
| 210 |
_aМосква _cАСТ _cВремена _d2022 [т. е. 2021] |
||
| 215 |
_a316, [3] с., [8] л. ил., портр. _cил. _d22 |
||
| 225 | 1 | _aМемуары, дневники, письма | |
| 300 | _aВ вып. дан. загл.: Ленинградская телефонная книжка | ||
| 300 | _aКн. фактически изд. в 2021 г. | ||
| 333 | _a12+ | ||
| 517 | 1 | _aЛенинградская телефонная книжка | |
| 600 | 1 |
_aШварц _bЕ.Л. _f1896 - 1958 _gЕвгений Львович _jДокументы и материалы _91582147 _3RU\NLR\AUTH\66993589 |
|
| 675 |
_a821.161.1-94 _v4 |
||
| 686 | 1 | _aШ5(2=Р)7-4Шварц | |
| 700 | 1 |
_7ca _8rus _aШварц _bЕ. Л. _cписатель, драматург _f1896-1958 _gЕвгений Львович _9116207 _3RU\NLR\AUTH\776253 |
|
| 702 | 1 |
_4220 _7ca _8rus _aИсаева _bЕ. И. _gЕлизавета Ильинична _949335 _3RU\NLR\AUTH\7766407 |
|
| 942 | _cBOOK | ||
| 980 | _aNB | ||